Emotional Intelligence (Record no. 2460)

MARC details
000 -LEADER
fixed length control field 00401nam a22001697a 4500
005 - DATE AND TIME OF LATEST TRANSACTION
control field 20160613095522.0
008 - FIXED-LENGTH DATA ELEMENTS--GENERAL INFORMATION
fixed length control field 160613b xxu||||| |||| 00| 0 eng d
020 ## - INTERNATIONAL STANDARD BOOK NUMBER
ISBN 978-0-7475-2830-2
041 ## - LANGUAGE CODE
Language code of text/sound track or separate title eng
082 ## - DEWEY DECIMAL CLASSIFICATION NUMBER
Item number 7058
100 ## - MAIN ENTRY--AUTHOR NAME
Personal name Goleman, Daniel
245 ## - TITLE STATEMENT
Title Emotional Intelligence
260 ## - PUBLICATION, DISTRIBUTION, ETC. (IMPRINT)
Place of publication London
Name of publisher Bloomsbury,
Year of publication 1996
300 ## - PHYSICAL DESCRIPTION
Number of Pages 342
650 ## - SUBJECT ADDED ENTRY--TOPICAL TERM
Topical Term Management
942 ## - ADDED ENTRY ELEMENTS (KOHA)
Koha item type Books
Holdings
Lost status Damaged status Collection code Home library Current library Shelving location Date acquired Cost, normal purchase price Full call number Accession Number Koha item type
    LIFE SKILL JRU Library JRU Library SHELF-101-B 13/06/2016 295.00 7058 7058 Books
    LIFE SKILL JRU Library JRU Library SHELF-43-K 13/06/2016 295.00 7058 7059 Books
    LIFE SKILL JRU Library JRU Library SHELF-101-B 13/06/2016 295.00 7058 7060 Books
    LIFE SKILL JRU Library JRU Library SHELF-101-B 13/06/2016 295.00 7058 7061 Books
    LIFE SKILL JRU Library JRU Library SHELF-103-H 13/06/2016 295.00   7062 Books
    LIFE SKILL JRU Library JRU Library SHELF-43-K 13/06/2016 295.00 7058 7063 Books
    LIFE SKILL JRU Library JRU Library SHELF-101-B 13/06/2016 295.00 7058 7064 Books
    LIFE SKILL JRU Library JRU Library SHELF-101-B 13/06/2016 295.00 7058 7065 Books
    LIFE SKILL JRU Library JRU Library SHELF-101-B 13/06/2016 295.00 7058 7066 Books
    LIFE SKILL JRU Library JRU Library SHELF-101-B 13/06/2016 295.00 7058 7067 Books